| 000 | 00605nam a22002057a 4500 | ||
|---|---|---|---|
| 999 |
_c5030 _d5030 |
||
| 003 | AR-CdUCM | ||
| 008 | 190311b ||||| |||| 00| 0 spa d | ||
| 040 |
_aMUNICIPALIDAD PROVINCIAL DEL CUSCO _cBIBLIOTECA MUNICIPAL DEL CUSCO |
||
| 082 |
_a860.81/H41 _bH41 |
||
| 100 |
_aHeraud, Javier _92783 |
||
| 245 | _aEnsayo a dos voces / | ||
| 260 |
_aLima : _bIndustrial Gráfica, _c1967. |
||
| 300 | _c33.5 cm. | ||
| 500 | _aDonación familia Nieto Páginas sin numerar | ||
| 650 |
_aPoesías peruanas _91481 |
||
| 650 |
_aSiglo XX _98 |
||
| 700 |
_aCalvo, Cesar _9634 |
||
| 942 |
_2ddc _cLIBROS |
||
| 945 | _aafb | ||